The Diplomatic Dimensions of Military History/ (Record no. 207061)

MARC details
000 -LEADER
fixed length control field 00612nam a22001937a 4500
005 - DATE AND TIME OF LATEST TRANSACTION
control field 20241127122227.0
010 ## - LCCN (DPL NO)
LC control number ENG-142657
020 ## - INTERNATIONAL STANDARD BOOK NUMBER
Terms of availability 1280.00
International Standard Book Number 9788197519086
035 ## - SYSTEM CONTROL NUMBER
System control number EN-126189
037 ## - SOURCE OF ACQUISITION
Source of stock number/acquisition DBAD
082 ## - DEWEY DECIMAL CLASSIFICATION NUMBER
Classification number 355.00954
Edition number 1
245 ## - TITLE STATEMENT
Title The Diplomatic Dimensions of Military History/
Statement of responsibility, etc Edited By Anubhav Roy
250 ## - EDITION STATEMENT
Edition statement 1
260 ## - PUBLICATION, DISTRIBUTION, ETC. (IMPRINT)
Place of publication, distribution, etc New Delhi
Name of publisher, distributor, etc KW Publishers Pvt Ltd
Date of publication, distribution, etc 2025
270 ## - ADDRESS
City New Delhi
Address KW Publishers Pvt Ltd;
Postal code 110002
Telephone number 91 1143528107
-- 91 1143528107
300 ## - PHYSICAL DESCRIPTION
Extent 90p.
Dimensions 22cm(hb)
700 ## - ADDED ENTRY--PERSONAL NAME
Personal name Roy, Anubhav
Relator term Editor
9 (RLIN) 74121
942 ## - ADDED ENTRY ELEMENTS (KOHA)
Source of classification or shelving scheme Dewey Decimal Classification
Item type English Books
Classification part 355.00954
Call number suffix ROY
Holdings
Withdrawn status Lost status Not for loan Collection code Home library Current library Date acquired Source of acquisition Cost, normal purchase price Full call number Barcode Copy number Cost, replacement price Koha item type
      Non-fiction Central Library Central Library 27/11/2024 Delivery of Books Act Division 1280.00 355.00954 ROY EN-126189 1 1280.00 English Books

© Delhi Public Library
Hit Counter
free hit counter